| 000 | 00834nam a2200277Ia 4500 | ||
|---|---|---|---|
| 003 | OSt | ||
| 005 | 20221006142106.0 | ||
| 006 | a|||||r|||| 00| 0 | ||
| 007 | ta | ||
| 008 | 221006b |||||||| |||| 00| 0 eng d | ||
| 020 |
_c _10.00 (each) |
||
| 024 | _a5,247 | ||
| 037 | _cTextual | ||
| 040 |
_aEASL _cEASL _beng |
||
| 041 |
_2eng _aeng |
||
| 082 | _aQ63:65.41wM2, K7 | ||
| 100 |
_aWYLIE A _910579 |
||
| 245 | 0 |
_aMemorial of the protestant missionaries to the Chinese _b Giving a list of their publication and obituary notices of the deceased with copious indexs |
|
| 260 |
_aTaipei _bCheng-Wen Pub. _c1967 |
||
| 300 |
_a331p. _ccm. |
||
| 490 | _v CEL | ||
| 650 | _a CEL | ||
| 650 |
_aProtestant Missionaries _9646875 |
||
| 942 |
_hQ63:65.41wM2, K7 _cTEXL _2CC |
||
| 999 |
_c1073333 _d1073333 |
||